Las relaciones literarias entre Italia y España en el Renacimiento
保存先:
| 第一著者: | |
|---|---|
| フォーマット: | 図書 |
| 言語: | スペイン語 |
| 出版事項: |
Bogotá
Instituto Caro y Cuervo
1962
|
| 主題: | |
| タグ: |
タグ追加
タグなし, このレコードへの初めてのタグを付けませんか!
|
MARC
| LEADER | 00000nam a2200000 a 4500 | ||
|---|---|---|---|
| 001 | UCT7681 | ||
| 003 | CL-VaPUC | ||
| 008 | 970123e19620000CK |||||||||||||||||spa|d | ||
| 082 | 0 | 4 | |a 860.9 |b MER |2 21 |
| 100 | |a Meregalli, Franco |e autor |9 378706 | ||
| 245 | 1 | 4 | |a Las relaciones literarias entre Italia y España en el Renacimiento |
| 300 | |a 19 p | ||
| 942 | |c BK | ||
| 945 | |d 19970123 00:00:00 |a rleighto | ||
| 260 | |a Bogotá |b Instituto Caro y Cuervo |c 1962 | ||
| 650 | 0 | |a Literatura española |9 306261 | |
| 650 | 0 | |a Literatura italiana |9 266970 | |
| 650 | 0 | |a Historia y crítica |9 257407 | |
| 650 | 0 | |a Crítica literaria |9 269189 | |
| 583 | |a last modification |c 19970123 00:00:00 |k Rodrigo Vera | ||
| 999 | |c 256232 |d 256230 | ||